Leishmaniasis control strategies (Record no. 49101)

MARC details
000 -LEADER
fixed length control field 00673nam a2200181 a 4500
008 - FIXED-LENGTH DATA ELEMENTS--GENERAL INFORMATION
fixed length control field 120416s0000 ||||||||||||||||| || u
020 ## - INTERNATIONAL STANDARD BOOK NUMBER
International Standard Book Number 0889366535
050 ## - LIBRARY OF CONGRESS CALL NUMBER
Classification number RA 644.L25 Lei
100 ## - MAIN ENTRY--PERSONAL NAME
Personal name Wijeyaratne, Pandu
245 10 - TITLE STATEMENT
Title Leishmaniasis control strategies
Statement of responsibility, etc. edited by Pandu Wijeyaratne
246 ## - VARYING FORM OF TITLE
Title proper/short title a critical evaluation of IDRC-supported research
260 ## - PUBLICATION, DISTRIBUTION, ETC.
Place of publication, distribution, etc. Ottawa
Name of publisher, distributor, etc. IDRC
Date of publication, distribution, etc. 1992
300 ## - PHYSICAL DESCRIPTION
Extent x, 380p. : ill.
350 ## - PRICE (NR) (BK AM CF MU VM SE) [OBSOLETE]
Price 0.00
700 ## - ADDED ENTRY--PERSONAL NAME
Personal name Espinal, Carol
700 ## - ADDED ENTRY--PERSONAL NAME
Personal name Goodman, Tracey
995 ## - RECOMMENDATION 995 [LOCAL, UNIMARC FRANCE]
-- 0.00
-- CBU-MAIN LIBRARY (Kitwe)
-- 1
-- 42.50
-- 1
-- AVAILABLE
-- Apr 4, 2007
-- Annex Low-Usage Collection
Holdings
Withdrawn status Lost status Source of classification or shelving scheme Damaged status Not for loan Home library Current library Shelving location Date acquired Total Checkouts Full call number Barcode Date last seen Price effective from Koha item type
          CBU-MAIN LIBRARY, KITWE. CBU-MAIN LIBRARY, KITWE.   11/30/2022   RA 644.L25 Lei 015117 11/30/2022 11/30/2022 MONOGRAPH